书目信息 |
| 题名: |
羟基化多溴联苯醚与人雌激素受体的构效关系研究
|
|
| 作者: | 李欣欣 著 | |
| 分册: | ||
| 出版信息: | 北京 中国农业出版社 2019.05 |
|
| 页数: | 88页, [4] 页图版 | |
| 开本: | 21cm | |
| 丛书名: | ||
| 单 册: | ||
| 中图分类: | X5 , R977.1 | |
| 科图分类: | ||
| 主题词: | 有机污染物--you ji wu ran wu--关系--人体--雌激素--研究 | |
| 电子资源: | ||
| ISBN: | 978-7-109-25298-1 | |
| 000 | 01090nam0 2200253 450 | |
| 001 | 202019133498 | |
| 005 | 20190921113345.0 | |
| 010 | @a978-7-109-25298-1@dCNY30.00 | |
| 100 | @a20190917d2019 em y0chiy50 ea | |
| 101 | 0 | @achi |
| 102 | @aCN@b110000 | |
| 105 | @aafk a 000yy | |
| 106 | @ar | |
| 200 | 1 | @a羟基化多溴联苯醚与人雌激素受体的构效关系研究@Aqiang ji hua duo xiu lian ben mi yu ren ci ji su shou ti de gou xiao guan xi yan jiu@f李欣欣著 |
| 210 | @a北京@c中国农业出版社@d2019.05 | |
| 215 | @a88页, [4] 页图版@c图@d21cm | |
| 320 | @a有书目 (第75-88页) | |
| 330 | @a羟基化多溴联苯醚作为持久性有机污染物 (POPs) 的一种, 不仅具有累积性、持久性和迁移性的特点, 还具备高毒性的特点。本书通过大量的探索实验, 建立了一种高通量的快速检测手段, 同时揭示了羟基化多溴联苯醚这一大类污染物与雌激素受体结合的构效关系, 在快速筛查POPs的雌激素干扰效应方面具有较强的参考意义。 | |
| 606 | 0 | @a有机污染物@Ayou ji wu ran wu@x关系@x人体@x雌激素@x研究 |
| 690 | @aX5@v5 | |
| 690 | @aR977.1@v5 | |
| 701 | 0 | @a李欣欣@Ali xin xin@4著 |
| 801 | 0 | @aCN@c20190905 |
| 905 | @a河南城建学院图书馆@dX5@eL307 | |
| 羟基化多溴联苯醚与人雌激素受体的构效关系研究/李欣欣著.-北京:中国农业出版社,2019.05 |
| 88页, [4] 页图版:图;21cm |
| ISBN 978-7-109-25298-1:CNY30.00 |
| 羟基化多溴联苯醚作为持久性有机污染物 (POPs) 的一种, 不仅具有累积性、持久性和迁移性的特点, 还具备高毒性的特点。本书通过大量的探索实验, 建立了一种高通量的快速检测手段, 同时揭示了羟基化多溴联苯醚这一大类污染物与雌激素受体结合的构效关系, 在快速筛查POPs的雌激素干扰效应方面具有较强的参考意义。 |
| ● |
| 相关链接 |
|
|
|
正题名:羟基化多溴联苯醚与人雌激素受体的构效关系
索取号:X5/L307
 
预约/预借
| 序号 | 登录号 | 条形码 | 馆藏地/架位号 | 状态 | 备注 |
| 1 | 1440618 | 214406187 | 自科库501/501自科库 97排2列1层/ [索取号:X5/L307] | 在馆 | |
| 2 | 1440619 | 214406196 | 自科库501/501自科库 97排2列1层/ [索取号:X5/L307] | 在馆 |